Developmentalism and the economics of decreasing cost

Salvato in:
Dettagli Bibliografici
Autore principale: Hamada, Koichi
Natura: Libro
Lingua:inglese
Pubblicazione: New Haven Yale University Press 1998
Serie:Center Paper No. 536
Soggetti:
Tags: Aggiungi Tag
Nessun Tag, puoi essere il primo ad aggiungerne!!

MARC

LEADER 00000nam a2200000 4500
001 c109885
005 20221221082023.3
041 0 |a eng 
044 |a US 
245 1 0 |a Developmentalism and the economics of decreasing cost  |c Koichi Hamada 
264 1 |a New Haven  |b Yale University Press  |c 1998 
300 |a S.115-131 
490 1 |a Center Paper  |v No. 536 
830 0 |a Center Paper  |v No. 536 
610 2 0 |a znižovanie nákladov 
610 2 0 |a rozvoj hospodársky 
610 2 0 |a hospodárstvo trhové 
610 2 0 |a politika hospodárska 
610 2 0 |a Japonsko 
100 1 |a Hamada, Koichi